Grammy Award du meilleur album Dance/Electronique (artiste) - Statistiques

Statistiques générales
  • Ce quiz a été pris 7 fois
  • Le résultat moyen est 7 sur 22
Statistiques - réponses
Année Artiste Album % Correct
2009 Daft Punk Alive 2007
67%
2014 Daft Punk Random Access Memories
67%
2010 Lady Gaga The Fame
67%
2011 La Roux La Roux
67%
2007 Madonna Confessions on a Dance Floor
67%
2023 Beyoncé Renaissance
50%
2025 Charli XCX Brat
50%
2012 Skrillex Scary Monsters and Nice Sprites
50%
2013 Skrillex Bangarang
50%
2026 FKA Twigs Eusexua
33%
2019 Justice Woman Worldwide
33%
2015 Aphex Twin Syro
17%
2016 Jack Ü Skrillex and Diplo Present Jack Ü
17%
2006 The Chemical Brothers Push the Button
17%
2008 The Chemical Brothers We Are the Night
17%
2020 The Chemical Brothers No Geography
17%
2005 Basement Jaxx Kish Kash
0%
2022 Black Coffee Subconsciously
0%
2017 Flume Skin
0%
2024 Fred Again Actual Life 3
0%
2021 Kaytranada Bubba
0%
2018 Kraftwerk 3-D The Catalogue
0%
Aucun quiz correspondant
Distribution des résultats
% des personnes avec chaque résultat
Percentile par nombre de réponses
Votre historique - résultats
Vous n’avez pas pris ce quiz